Ländern mit Mehreren großen Inseln - Statistiken

Allgemein
  • Dieses Quiz wurde 442 mal gespielt
  • Das Durchschnittsergebnis liegt bei 8 aus 11
Antwortstatistiken
# Land % Korrekt
13 Indonesien
97%
4 Japan
92%
18 Kanada
88%
7 Philippinen
87%
6 Russland
85%
2 Neuseeland
84%
2 Vereinigtes Königreich
79%
2 Italien
75%
2 Norwegen
63%
2 Papua- Neuguinea
57%
2 Brasilien
43%
Keine übereinstimmenden Quizze gefunden
Verteilung der Resultate
Anzahl Personen mit jedem Resultat
Perzentil nach korrekt beantworteten Fragen
Ihre Resultats-Entwicklung
Sie haben dieses Quiz noch nicht gespielt